=LDR 00000nam 2200000 4500 =001 INLIS000000000001427 =005 20130612085831 =008 ***********************************Ind** =035 ##$$0010-061300000001427 =041 ##$$a Ind =082 ##$$a 895-143 =090 ##$$a 895.143, Shi-b =100 ##$$a SHIH HAI AN =245 ##$$a Batas air, Shih Hai An =260 ##$$a 1987 $b Jakarta =300 ##$$a ..jil, 21 cm =650 ##$$a Fiksi Cina =850 ##$$a NBPNMAT =990 ##$$a 0001/BPAP-NTB/2015